| 000 | 00773nam a2200205Ii 4500 | ||
|---|---|---|---|
| 003 | JO-AjNU | ||
| 008 | 230605s9999||||xx |||||||||||||| ||und|| | ||
| 017 | _a1985/1043 | ||
| 040 |
_aJO-AjNU _bara _erda _cJO-AjNU |
||
| 041 | _aara | ||
| 050 | 1 | 4 | _aHD9560 .M5312 .1985 |
| 100 | 3 |
_aميلافيج وبلوشار؛ترجمة:رشاد مهدي هاشم،عبدالوهاب عزت محمد, _eauthor _97021 |
|
| 245 | 0 | 0 | _aالشركات النفطية العالمية=compagnies pétrolières internationales |
| 264 | 3 | 1 | _aالموصل :جامعة الموصل،1985 |
| 300 | _a110ص | ||
| 336 |
_atext _btxt _2rdacontent |
||
| 337 |
_aunmediated _bn _2rdamedia |
||
| 338 |
_avolume _bnc _2rdacarrier |
||
| 650 | 4 |
_aشركات البترول- جوانب اقتصادية _97022 |
|
| 999 |
_aA68 _c3636 _d3636 |
||